000 00317nam a2200109Ia 4500
008 200302s9999 xx 000 0 und d
100 _aTim & Charlotte Benton
245 _aForm and Function A Source Book for the History of Architecture & Design
260 _bThe Open University Press
260 _c1975
300 _a252 P.,
999 _c54
_d54